=LDR 00000nam 2200000 4500 =001 INLIS000000000019064 =005 20201118124211 =035 ##$$a 0010-061300000019064 =008 201118################g##########0#ind## =041 ##$$a Ind =082 ##$$a 307 =090 ##$$a 307, Mas m =245 ##$$a Masyarakat dan negara /$c editor, Basis Susilo =260 ##$$a Surabya :$b Airlangga University Press,$c 1997 =300 ##$$a 234 hlm. ; $c 24 x 16 cm. =650 #4$$a Masyarakat =850 ##$$a NBPNMAT =020 ##$$a 979-8990-20-X =084 ##$$a 307 MAS =250 ##$$a cet. 1 =700 #$$a Basis Susilo =990 ##$$a 150.639/Pb.99